000
00250nam a2200109Ia 4500
008
190216s9999||||xx |||||||||||||| ||und||
100
_a
Ravindran P A
245
0
_a
Vaidyaka Shabdavali
260
_b
Bhasha Institute
650
_a
Physics
942
_c
BK
999
_c
39425
_d
39425